| 000 | 00654nam a2200217Ia 4500 | ||
|---|---|---|---|
| 005 | 20260429111854.0 | ||
| 008 | 260429s9999||||xx |||||||||||||| ||und|| | ||
| 020 | _a9781800623651 | ||
| 041 | _aEnglish | ||
| 082 |
_a910 _bLIU |
||
| 100 | _aLiutikas, Darius | ||
| 245 | 0 |
_aReligious tourism and globalization : _bthe search for identity and transformative experience / _cDarius Liutikas |
|
| 260 |
_aUnited Kingdom : _bCABI, _c2024. |
||
| 300 | _axii, 206 p.; hb | ||
| 440 | _aReligious tourism and pilgrimage series | ||
| 650 | _a Religious tourism | ||
| 650 | _a Sacred places | ||
| 650 | _aGeography | ||
| 700 | _a Raj, Razaq | ||
| 942 | _cTB | ||
| 999 |
_c51220 _d51220 |
||